| 000 | 00423nam a2200181Ia 4500 | ||
|---|---|---|---|
| 005 | 20240823011859.0 | ||
| 008 | 240823s9999||||xx |||||||||||||| ||und|| | ||
| 041 | _aENGLISH | ||
| 082 | _A621.381548 P3 | ||
| 100 | _aSingh J P | ||
| 245 | 0 | _aInstrumentation Engineering | |
| 250 | _a1st | ||
| 260 |
_c2003 _b"Birla,Delhi" |
||
| 500 | _aYES | ||
| 650 |
_aElectronics _bInstrumentation |
||
| 942 | _cBK | ||
| 999 |
_c162813 _d162813 |
||